[Event "Reykjavik Congress"]
[Site "Reykjavik"]
[Date "2019.01.16"]
[Round "4"]
[White "Valsson, Arnar"]
[Black "Thorsson, Pall"]
[Result "0-1"]
[WhiteElo "1249"]
[BlackElo "1706"]
[PlyCount "50"]
[EventDate "2019.01.06"]
[EventType "swiss"]
[EventRounds "9"]
[EventCountry "ISL"]
[SourceTitle "CBM 188 Extra"]
[Source "ChessBase"]
[SourceDate "2019.02.26"]
[SourceVersion "1"]
[SourceVersionDate "2019.02.26"]
[SourceQuality "1"]

1. e4 d6 2. d4 g6 3. Nc3 Bg7 4. Be3 Nf6 5. f3 Nbd7 6. Qd2 c6 7. 0-0-0 b5 8. g4 Qa5 9. a3 Nb6 10. Na2 Qa6 11. Nb4 Qb7 12. Qc3 Bd7 13. h4 a5 14. Nd3 Nc4 15. Bf2 Be6 16. Kb1 b4 17. axb4 axb4 18. Qxb4 Qa6 19. c3 0-0 20. Nf4 Qa2+ 21. Kc2 Rfb8 22. Qxb8+ Rxb8 23. Rb1 Rxb2+ 24. Rxb2 Qxb2+ 25. Kd3 Qd2# 0-1

[Event "Reykjavik Taflfelag op"]
[Site "Reykjavik"]
[Date "2018.11.07"]
[Round "4"]
[White "Thorsson, Pall"]
[Black "Baldursson, Haraldur"]
[Result "1-0"]
[WhiteElo "1646"]
[BlackElo "1984"]
[PlyCount "155"]
[EventDate "2018.10.17"]
[EventType "swiss"]
[EventRounds "7"]
[EventCountry "ISL"]
[SourceTitle "CBM 187 Extra"]
[Source "ChessBase"]
[SourceDate "2018.11.04"]
[SourceVersion "1"]
[SourceVersionDate "2018.11.04"]
[SourceQuality "1"]

1. e4 c5 2. Nc3 d6 3. g3 Nc6 4. Bg2 g6 5. Nge2 Bg7 6. 0-0 e6 7. d3 Nge7 8. Be3 Nd4 9. Qd2 0-0 10. Nd1 d5 11. c3 Nxe2+ 12. Qxe2 d4 13. Bd2 Bd7 14. c4 Bc6 15. f4 Qd7 16. Nf2 Rab8 17. b4 cxb4 18. Bxb4 Rfe8 19. a4 Bxa4 20. Qa2 b5 21. cxb5 Bxb5 22. e5 a6 23. Bd6 Rbc8 24. g4 Rc3 25. Bb4 Bxd3 26. Nxd3 Rxd3 27. Qxa6 Rb3 28. Qc4 Rb2 29. Bd6 Rc8 30. Qxd4 Rcc2 31. Be4 Rd2 32. Qc5 Rb5 33. Qe3 Rdb2 34. Ra7 Rb7 35. Bxb7 Rxb7 36. Rxb7 Qxb7 37. Rc1 Nd5 38. Qc5 h6 39. Qc8+ Qxc8 40. Rxc8+ Kh7 41. Rc4 Ne3 42. Rc3 Nd5 43. Rf3 Kg8 44. Kf2 f6 45. f5 gxf5 46. gxf5 exf5 47. e6 Bf8 48. Bxf8 Kxf8 49. Rxf5 Nc7 50. Rxf6+ Ke7 51. Rf7+ Kd8 52. Rd7+ Kc8 53. Rd6 Nb5 54. Rb6 Nc7 55. e7 Ne8 56. Rxh6 Kd7 57. Rh7 Nf6 58. Rf7 Ng8 59. Kg3 Nxe7 60. Kg4 Ke6 61. Rh7 Kf6 62. Kh5 Nf5 63. Rc7 Ng7+ 64. Kh6 Nf5+ 65. Kh7 Kg5 66. Rc5 Kg4 67. Kg6 Nh4+ 68. Kh6 Nf5+ 69. Kg6 Nh4+ 70. Kf6 Nf3 71. Rc4+ Kh3 72. Rc3 Kg4 73. Rxf3 Kxf3 74. Kg5 Ke4 75. h4 Ke5 76. h5 Ke6 77. Kg6 Ke7 78. Kg7 1-0

[Event "Reykjavik Faxaven op"]
[Site "Reykjavik"]
[Date "2018.05.02"]
[Round "7"]
[White "Viglundsson, Bjorgvin"]
[Black "Thorsson, Pall"]
[Result "1-0"]
[WhiteElo "2147"]
[BlackElo "1693"]
[PlyCount "84"]
[EventDate "2018.03.21"]
[EventType "swiss"]
[EventRounds "7"]
[EventCountry "ISL"]
[SourceTitle "EXT 2019"]
[Source "ChessBase"]
[SourceDate "2018.10.10"]
[SourceVersion "1"]
[SourceVersionDate "2018.10.10"]
[SourceQuality "1"]

1. d4 Nf6 2. Nf3 g6 3. Bf4 Bg7 4. e3 c5 5. Nbd2 cxd4 6. exd4 Nc6 7. c3 d5 8. h3 0-0 9. Be2 Nh5 10. Bh2 e5 11. dxe5 Qe7 12. 0-0 Nxe5 13. Nxe5 Bxe5 14. Bxe5 Qxe5 15. Bxh5 gxh5 16. Nf3 Qg7 17. Kh2 Be6 18. Nd4 Qe5+ 19. f4 Qf6 20. Qxh5 Kh8 21. Rae1 Rg8 22. Qe5 Qxe5 23. Rxe5 Rge8 24. g4 Rad8 25. Kg3 Kg7 26. Rfe1 Bd7 27. g5 Rxe5 28. Rxe5 Re8 29. Rxd5 Bc6 30. Re5 Rxe5 31. fxe5 Bd5 32. b3 Kg6 33. c4 Be4 34. Kg4 h6 35. gxh6 Kxh6 36. b4 a5 37. a3 axb4 38. axb4 Bd3 39. c5 Kg6 40. b5 f6 41. e6 f5+ 42. Kf4 Kf6 1-0

[Event "Reykjavik TR U2000 op"]
[Site "Reykjavik"]
[Date "2017.11.01"]
[Round "4"]
[White "Ivarsson Schram, Bjorgvin"]
[Black "Thorsson, Pall"]
[Result "1-0"]
[WhiteElo "1554"]
[BlackElo "1695"]
[PlyCount "65"]
[EventDate "2017.10.11"]
[EventType "swiss"]
[EventRounds "7"]
[EventCountry "ISL"]
[SourceTitle "CBM 181 Extra"]
[Source "ChessBase"]
[SourceDate "2017.12.12"]
[SourceVersion "1"]
[SourceVersionDate "2017.12.12"]
[SourceQuality "1"]

1. e4 g6 2. Nf3 Bg7 3. d4 d6 4. Be2 Nf6 5. Nc3 0-0 6. 0-0 Nc6 7. d5 Nb8 8. Bg5 c5 9. Qd2 Nbd7 10. h3 a6 11. a4 Re8 12. Bh6 Bh8 13. Ng5 Bg7 14. Bxg7 Kxg7 15. f4 h6 16. Nf3 Nf8 17. e5 Nh5 18. g4 Ng3 19. Rf2 f5 20. e6 Nxe2+ 21. Nxe2 fxg4 22. hxg4 b5 23. axb5 Qb6 24. c4 Bb7 25. Qc3+ Kg8 26. Ng5 axb5 27. Rxa8 Rxa8 28. Nf7 Nxe6 29. dxe6 Kh7 30. Rh2 h5 31. gxh5 b4 32. hxg6+ Kxg6 33. Qd3+ 1-0

[Event "Reykjavik op"]
[Site "Reykjavik"]
[Date "2017.04.26"]
[Round "9"]
[White "Thorsson, Pall"]
[Black "Baliuniene, Margarita"]
[Result "0-1"]
[WhiteElo "1688"]
[BlackElo "1897"]
[PlyCount "64"]
[EventDate "2017.04.19"]
[EventType "swiss"]
[EventRounds "10"]
[EventCountry "ISL"]
[SourceTitle "CBM 178 Extra"]
[Source "ChessBase"]
[SourceDate "2017.06.22"]
[SourceVersion "1"]
[SourceVersionDate "2017.06.22"]
[SourceQuality "1"]

1. e4 c5 2. Nc3 Nc6 3. g3 g6 4. Bg2 Bg7 5. d3 e6 6. Nge2 b6 7. 0-0 Bb7 8. f4 Nge7 9. g4 f5 10. exf5 exf5 11. gxf5 Nxf5 12. Ng3 Bd4+ 13. Kh1 0-0 14. Qg4 Na5 15. Nd5 Kh8 16. c3 Bg7 17. Nxf5 Rxf5 18. Ne3 Bxg2+ 19. Nxg2 Nc6 20. Bd2 d5 21. Rae1 d4 22. c4 Qf6 23. Rf3 Rf8 24. Rh3 Qf7 25. Nh4 Rh5 26. Re6 Ne5 27. Nxg6+ hxg6 28. Rxh5+ gxh5 29. Qh3 Nxd3 30. Re2 Nxf4 31. Bxf4 Qxf4 32. Qxh5+ Bh6 0-1